Pedagojik temsiller (Record no. 7396)

MARC details
000 -BAŞLIK
Sabit Uzunlukta Kontrol Alanı 00833na a2200301 4500
001 - KONTROL NUMARASI
Denetim Alanı 16059
003 - KONTROL NUMARASI IDENTIFIER
Denetim Alanı MIRAKIL
005 - SON İŞLEM TARİHİ VE ZAMANI
Denetim Alanı 20181213155137.0
008 - SABİT-BOY VERİ ELEMANLARI - GENEL BİLGİLER
Sabit Uzunlukta Kontrol Alanı 161011b tu 000 0
035 ## - SİSTEM KONTROL NUMARASI
Sistem Kontrol Numarası 16059
040 ## - KATALOGLAMA KAYNAK
Orijinal Kataloglama Ajansı Milas
Kataloglama Dili tur
Metne Dönüştürmek Ajansı TR-AnCHP
041 ## - DİL KODU
Metin / Ses Parça Veya Ayrı Başlığın Dil Kodu tur
082 ## - DEWEY ONLU SINIFLANDIRMA NUMARASI
Sınıflandırma Numarası CHP 324.2172
Ürün Numarası S38p 1938
090 ## - SINIFLAMA NUMARASI
Sınıflama Numarası CHP 324.2172 S38p 1938
100 ## - ANA GİRİŞ - KİŞİSEL İSİM
Kişisel Ad Sevin, Nurettin
245 ## - BAŞLIK TABLOSU
Başlık Pedagojik temsiller
Başlığın Kalan Ankara Halkevi : 30-5-1938
Sorumluluk Tablosu, Vb Nurettin Sevin
260 ## - YAYIN, DAĞITIM, VB
Yayın, Dağıtım, Vb Yeri Ankara
Yayıncı, Dağıtıcı, Vs Adı CHP
Yayın, Dağıtım, Vb Tarihi 1938
300 ## - FİZİKSEL TANIM
Kapsam 21 s.
Boyutlar 24 sm.
490 ## - SERİSİ TABLOSU
Seri Beyanı CHP Konferansları
Hacim / Ardışık Tanımı 1
490 ## - SERİSİ TABLOSU
Seri Beyanı Kitap
Hacim / Ardışık Tanımı 23
650 ## - KONU KATMA GİRİŞ - TOPİKAL DÖNEM
Topikal Süreli Veya Coğrafi Ad Giriş Elemanı Eğitimbilim
Genel Alt Bölümü Toplantılar
650 ## - KONU KATMA GİRİŞ - TOPİKAL DÖNEM
Topikal Süreli Veya Coğrafi Ad Giriş Elemanı Çocuk eğitimi
Genel Alt Bölümü Toplantılar
650 ## - KONU KATMA GİRİŞ - TOPİKAL DÖNEM
Topikal Süreli Veya Coğrafi Ad Giriş Elemanı Halkevleri
Genel Alt Bölümü Toplantılar
740 ## - KATMA GİRİŞ - KONTROLSUZ İLGİLİ / ANALİTİK BAŞLIK
Kontrol Edilmeyen / İlgili Analitik Başlıktaki CHP yayınları
942 ## - EKLENDİ GİRİŞ ELEMANLARI (KOHA)
Sınıflandırma Veya Raf Düzeni Kaynak Dewey Decimal Classification
Koha Öğesi Türü Books
999 ## - SİSTEM KONTROL NUMARALARI (KOHA)
Koha Biblionumber 7396
Koha Biblioitemnumber 7396
657 ## - INDEX SÜRE - İŞLEVİ
-- Halkevi konferansları
657 ## - INDEX SÜRE - İŞLEVİ
-- CHp konferansları
Holdings
Kalıcı Konum Mevcut Konum Edinme Tarihi Edinim Kaynak Seri Numaralandırma / Kronolojik Toplam Check-Out'Lar Tam Çağrı Numarası Barkod Tarih Son Görülme İtibaren Geçerli Fiyatlar Koha Öğesi Türü
CHP Kütüphanesi CHP Kütüphanesi 09/29/2016 Bağış c.9   CHP 324.2172 S38p 1938 004314 09/29/2016 09/29/2016 Books